Epifanio Mejia : locura o libertad (Registro nro. 5399)
[ vista simple ]
| 001 - NÚMERO DE CONTROL | |
|---|---|
| campo de control | 4783 |
| 005 - FECHA Y HORA DE LA ÚLTIMA TRANSACCIÓN | |
| campo de control | 20260428104450.0 |
| 008 - DATOS DE LONGITUD FIJA--INFORMACIÓN GENERAL | |
| campo de control de longitud fija | 950919s1994 spa |
| 035 ## - NÚMERO DE CONTROL DEL SISTEMA | |
| Número de control de sistema | 4783 |
| 035 ## - NÚMERO DE CONTROL DEL SISTEMA | |
| Número de control de sistema | (OCoLC)778117847 |
| 040 ## - FUENTE DE LA CATALOGACIÓN | |
| Centro/agencia transcriptor | comduadb |
| 041 ## - CÓDIGO DE LENGUA | |
| Código de lengua del texto/banda sonora o título independiente | spa |
| 080 ## - NÚMERO DE LA CLASIFICACIÓN DECIMAL UNIVERSAL | |
| Número de la Clasificación Decimal Universal | C/ |
| 100 10 - ENTRADA PRINCIPAL--NOMBRE DE PERSONA | |
| Nombre de persona | Montoya Moreno, Orlando |
| Código de función | aut |
| Término indicativo de función/relación | Autor/a |
| 9 (RLIN) | 484627 |
| 245 10 - MENCIÓN DE TÍTULO | |
| Título | Epifanio Mejia : locura o libertad |
| 260 ## - PUBLICACIÓN, DISTRIBUCIÓN, ETC. | |
| Lugar de publicación, distribución, etc. | Medellín : |
| Nombre del editor, distribuidor, etc. | [sin publicador], |
| Fecha de publicación, distribución, etc. | 1994. |
| 300 ## - DESCRIPCIÓN FÍSICA | |
| Extensión | 72 páginas |
| 650 #7 - PUNTO DE ACCESO ADICIONAL DE MATERIA--TÉRMINO DE MATERIA | |
| Término de materia o nombre geográfico como elemento de entrada | Poetas antioqueños |
| Fuente del encabezamiento o término | lemb |
| 9 (RLIN) | 475 |
| 942 ## - ELEMENTOS DE ENTRADA AGREGADA (KOHA) | |
| Tipo de ítem Koha | Libros |
| Estado de retiro | Estado de pérdida | Estado dañado | No para préstamo | Código de colección | Localización permanente | Ubicación/localización actual | Fecha de adquisición | Número de inventario | Total de préstamos | Signatura topográfica completa | Código de barras | Fecha visto por última vez | Número de copia | Precio válido a partir de | Tipo de ítem Koha | Fecha del último préstamo |
|---|---|---|---|---|---|---|---|---|---|---|---|---|---|---|---|---|
| Colección General | Biblioteca Campus Yarumal | Biblioteca Campus Yarumal | 08/03/2011 | C1110654 | 2 | C861/M516e Zm | 0697584 | 11/05/2024 | 3 | 20/04/2023 | Libros | 12/08/2023 | ||||
| Colección General | Biblioteca Campus Yarumal | Biblioteca Campus Yarumal | 08/03/2011 | C1110655 | C861/M516e Zm e2 | 0697551 | 20/04/2023 | 4 | 20/04/2023 | Libros | ||||||
| Colección General | Biblioteca Campus Yarumal | Biblioteca Campus Yarumal | 26/07/2011 | C1122318 | 4 | C861/M516e Zm e3 | 1024496 | 23/07/2024 | 5 | 20/04/2023 | Libros | 14/06/2024 | ||||
| Colección Antioquia 4to piso | Biblioteca Carlos Gaviria Díaz, Campus Medellín | Biblioteca Carlos Gaviria Díaz, Campus Medellín | 05/05/1998 | C5770 | C861 M516e Zm | 61000002854384 | 20/04/2023 | 1 | 20/04/2023 | Libros - Reserva | ||||||
| Colección Antioquia 4to piso | Biblioteca Carlos Gaviria Díaz, Campus Medellín | Default Location for NCIP and SIP circ transactions | 05/05/1998 | C5771 | 1 | C861 M516e Zm e2 | 61000002855746 | 22/01/2024 | 2 | 20/04/2023 | Libros - Reserva | 14/12/2023 |